| 000 | 00958cab a22002055a 4500 | ||
|---|---|---|---|
| 001 | L145806 | ||
| 008 | 081111e20081024xxk f v 000 0 eng d | ||
| 035 | _a(Sirsi) u145806 | ||
| 041 | 0 | _aeng | |
| 100 | 1 | _aRoss, Jonathan | |
| 245 | 0 | 0 | _aPrejudicial review |
| 260 | _c2008 | ||
| 490 |
_aProperty Week _v73(43) 24 October 2008, 81(1) |
||
| 520 | _aSummarises the case of Dadu Ltd v Barrowfen Properties Ltd [2008] EWCH 90110 (Costs), 5 August 2008 (see L145804). A court prevented a landlord from being able to rely on a costs estimate provided by the tenant's solicitor during settlement negotiations in order to reduce its liability for the payment of legal costs to the tenant. Held: the court determined that without prejudice estimates of costs are not admissible in costs proceedings. | ||
| 590 | _aKA | ||
| 650 | 2 | 4 | _aDADU LTD V BARROWFEN PROPERTIES LTD |
| 651 | 4 |
_aEngland and Wales _y1543- |
|
| 690 |
_aDispute resolution _96236 |
||
| 942 | _n0 | ||
| 999 |
_c80945 _d80945 |
||